| 000 | 00928nas a2200277 4500 | ||
|---|---|---|---|
| 001 | BR2012004952 | ||
| 003 | BR-BrBNA | ||
| 005 | 20231205120830.0 | ||
| 007 | ta | ||
| 008 | 230509b bl.|||p| |||| 00| 00por d | ||
| 040 |
_aBR-BrBNA _bpor _cBiblioteca Nacional de Agricultura |
||
| 041 | _a(Pt) | ||
| 072 | _aH10 | ||
| 100 | 1 | _aMielke, O.H.H. | |
| 100 | 1 | _aCarneiro, E. | |
| 100 | 1 | _aCasagrande, M.M. | |
| 245 | 1 | _aOs Hesperiidae (Lepidoptera, Hesperioidea)da RPPN Klagesi, Santo Antônio do Tauã, Pará, Brasil: nova contribuição para o conhecimento da biodiversidade da área de endemismo Belém | |
| 650 | _aBORBOLETA | ||
| 650 | _aBIODIVERSIDADE | ||
| 650 | _aINVENTÁRIO | ||
| 650 | _aDISTRIBUIÇÃO GEOGRÁFICA | ||
| 650 | _aPARÁ | ||
| 773 | 0 |
_tActa Amazonica (Brazil) _xISSN 0044-5967 _g(Jun 2012), v. 42(2) p. 251-258 _wBR2012004952 |
|
| 909 |
_a202311 _bLúcia _c55 _dLúcia Elande |
||
| 942 |
_2AGRIS _n0 _cANA |
||
| 999 |
_c220551 _d220551 |
||